01884nam a2200457 i 4500001000700000003000800007005001700015006001900032007001500051008004100066020002700107020001800134035002300152035002400175035002500199035002100224040003100245050002300276082001700299245010000316264011700416300004100533336003100574337003300605338004300638490003900681504004300720588012700763650007600890650008100966650003801047650003701085651004701122651004801169655002701217700002301244700003401267700002301301830004001324856006201364106139FlNmELB20241217173650.0m o d | cr cnu||||||||141029s2009 sp ob 000 0 spa d a9783865279729 (e-book) z9788484894704 a(MiAaPQ)EBC3225866 a(Au-PeEL)EBL3225866 a(CaPaEBR)ebr10957843 a(OCoLC)992107416 aFINmELBbspaerdacFINmELB 4aPQ6066bAu829 20090 a860.900322300aAutoridad y poder en el Siglo de Oro /cI. Arellano, C. Strosetzki, y E. Williamson, editores. 1a[Pamplona, Spain] :bUniversidad de Navarra ;aMadrid :bIberoamericana ;aFrankfurt am Main :bVervuert,c2009. a1 recurso en línea (293 páginas) atextobtxt2rdacontent/spa acomputadorabc2rdamedia/spa arecurso en líneabcr2rdacarrier/spa1 aBiblioteca Aurea hispánica ;v62 aContiene referencias bibliográficas. aDescripción basada en recurso en línea; Título de la página del título en PDF (e-libro, visto October 29, 2014). 0aSpanish literatureyClassical period, 1500-1700xHistory and criticism. 4aLiteratura españolayPeríodo clásico, 1500-1700xHistoria y crítica. 0aPower (Philosophy) in literature. 4aPoder (Filosofía)xLiteratura. 0aSpainxPolitics and governmenty1516-1700. 4aEspañaxPolítica y gobiernoy1516-1700. 4aLibros electrónicos.1 aArellano, Ignacio.1 aStrosetzki, Christoph,d1949-1 aWilliamson, Edwin. 0aBiblioteca Aurea hispánica ;v62.40uhttps://elibro.net/ereader/politecnicointernacional/55333